书目信息 |
| 题名: |
记忆秘诀101则
|
|
| 作者: | 博姆加特内 著 ;咸庆迎 , 费解平 译 | |
| 分册: | ||
| 出版信息: | 北京 新华出版社 1987 |
|
| 页数: | 148页 | |
| 开本: | 19cm | |
| 丛书名: | ||
| 单 册: | ||
| 中图分类: | B842.3 | |
| 科图分类: | ||
| 主题词: | 学习 , 记忆 | |
| 电子资源: | ||
| ISBN: | ||
| 000 | 00757nam0 2200265 45 | |
| 001 | 0187000829 | |
| 005 | 20050323151448.2 | |
| 010 | @dCNY0.90 | |
| 091 | @a7203.180 | |
| 100 | @a19900808d1987 em y0chiy0121 ea | |
| 101 | 1 | @achi@cfre |
| 102 | @aCN@b110000 | |
| 105 | @ay z 000yy | |
| 200 | 10 | @a记忆秘诀101则@Aji yi mi jue 101 ze@f(法)菲力普·博姆加特内著@F(Fa)Fei Li Pu·Bo Mu Jia Te Nei Zhu@g咸庆迎,费解平译 |
| 210 | @a北京@c新华出版社@d1987 | |
| 215 | @a148页@d19cm | |
| 606 | 0 | @a学习 |
| 606 | @a记忆 | |
| 690 | @aB842.3@v3 | |
| 701 | 0 | @a博姆加特内@4著 |
| 702 | 0 | @a咸庆迎@Axian qing ying@4译 |
| 702 | 0 | @a费解平@Afei jie ping@4译 |
| 801 | 0 | @aCN@b深圳图书馆@c20040429 |
| 801 | 2 | @aCN@bNLC@c20040429 |
| 905 | @dB842.3@e196@f1@b205373 | |
| 记忆秘诀101则/(法)菲力普·博姆加特内著/咸庆迎,费解平译.-北京:新华出版社,1987 |
| 148页;19cm |
| ISBN :CNY0.90 |
| ● |
| 相关链接 |
|
|
|
|
正题名:记忆秘诀101则
索取号:B842.3/196
 
预约/预借
| 序号 | 登录号 | 条形码 | 馆藏地/架位号 | 状态 | 备注 |
| 1 | 0205372 | 000513572 | 密集书库/ [索取号:B842.3/196] | 在馆 | |
| 2 | 0205373 | 001984179 | 第一样本阅览室/ [索取号:B842.3/196] | 在馆 | |
| 3 | 0205374 | 000513420 | 密集书库/ [索取号:B842.3/196] | 在馆 | |
| 4 | 0205375 | 000513466 | 密集书库/ [索取号:B842.3/196] | 在馆 |